01031 a2200193 45000010006000000050017000060080041000230030015000640400040000790800062001192450071001810200018002522640041002703000018003115050441003290410008007701000032007787000027008105982620260407155852.0260407a1991 arg spa dAR-UNSa-BCEJYS aAR-UNSa-BCEJYSbspacAR-UNSa-BCEJYS a341.9xDerecho Internacional Privado. Conflictos de Leyes10aEl orden públicopen general en el derecho internacional privado a950-20-0628-3 1aBuenos Aires :bAbeledo Perrotc1991 a86 p.c23 cm. aPRIMERA PARTE: 1. La diferenciación del orden público de otras instituciones: la doctrina del interés nacional y el fraude a la Ley - 2. El orden público – 3. Génesis del orden público – SEGUNDA PARTE: 4. La fuente nutricia del orden público. La Constitución Nacional – 5. La naturaleza jurídica del orden público y otros efectos del interés general – 6. Formulación general de la teoría de los autores aspa1 aRuchelli, Humberto Fernando1 aFerrer, Horacio Carlos